近鉄を構成する鉄軌道を開業させた会社 - Statistics

General Stats
  • This quiz has been taken 13 times
  • The average score is 14 of 28
Answers on the Map
Answers color-coded by a green-red scale on the quiz's map according to % correct below.
 
Answer Stats
Answer % Correct
母体会社・その子会社系 大阪電気軌道
91%
母体会社・その子会社系 参宮急行電鉄
91%
母体会社・その子会社系 近畿日本鉄道
91%
南大阪線系統 大阪鉄道
73%
名古屋線系統 伊勢鉄道
73%
名古屋線系統 伊勢電気鉄道
73%
名古屋線系統 養老鉄道
73%
京都線系統 奈良電気鉄道
64%
南大阪線系統 吉野鉄道
64%
奈良県内 大和鉄道
64%
奈良県内 伊賀鉄道
64%
母体会社・その子会社系 関西急行電鉄
55%
南大阪線系統 河南鉄道
55%
南大阪線系統 河陽鉄道
45%
伊勢志摩線系統 志摩電気鉄道
45%
母体会社・その子会社系 生駒鋼索鉄道
36%
母体会社・その子会社系 信貴山電鉄
36%
南大阪線系統 吉野軽便鉄道
36%
生駒線系統 信貴生駒電気鉄道
36%
生駒線系統 信貴生駒電鉄
36%
名古屋線系統 三重鉄道
36%
名古屋線系統 北勢鉄道
36%
奈良県内 初瀬軌道
27%
奈良県内 天理軽便鉄道
27%
奈良県内 伊賀軌道
27%
名古屋線系統 四日市鉄道
27%
南大阪線系統 南和電気鉄道
18%
名古屋線系統 三重軌道
18%
No matching quizzes found
Score Distribution
Percent of People with Each Score
Percentile by Number Answered
Your Score History
You have not taken this quiz